00844cam a22002654a 4500001000500000005001700005020002200022020001800044040002300062050002500085082001500110100001900125245006400144250004200208260003400250300003700284490003500321505000700356520009400363521001700457521001700474650003400491650002500525700002800550217320231110105745.0 a043933408X (pbk.) a9780439801829 aDLCcDLCdDLCbeng00aQL737.C23bB463 200200a599.752211 aBerger, Melvin10aGrrr! :ba book about big cats /cby Melvin & Gilda Berger. aFirst revised edition, September 2005 aNew York :bScholastic,c2002 a40 pages :bIllustrationsc23 cm1 aHello reader! science- level 3 aK  aAn introduction to the big cats including lions, tigers, cheetahs, jaguars, and leopards. a560 bLexile aK bRaz-Plus 0aFelidaevJuvenile literature. 1aCat family (Mammals)1 aBerger, GildaeCoauthor